| 000 | 01000 am a22002657a 4500 | ||
|---|---|---|---|
| 001 | 009735813 | ||
| 003 | OSt | ||
| 005 | 20140429155109.0 | ||
| 008 | 140429s2001 xxua frbf 001 0 eng d | ||
| 020 | _a9780412988714 | ||
| 082 | 0 | 0 |
_a660.2842 _222 _bMEM |
| 245 | 0 | 0 |
_aMembrane handbook / _cedited by W. S. Winston Ho and Kamalesh K. Sirkar. |
| 260 |
_aBoston, United States ; _aDordrecht, Netherlands ; _aLondon : _bKluwer Academic Publishers, _c2001 _e([Washington] : _fAcid-Free Paper) |
||
| 300 |
_axxi, 954 p. _bill. ; _c26 cm. |
||
| 500 | _aIndex : p. 936-954. | ||
| 500 | _aCopyright 1992 by Van Nostrand Reinhold. | ||
| 504 | _aIncludes bibliographical references. | ||
| 504 | _aBibliography : p. 932-935. | ||
| 650 | 0 |
_aMembranes (Technology) _xHandbooks, manuals, etc. _935944 |
|
| 653 |
_bENGCHE _cApril2014 |
||
| 655 |
_vreading book _934232 |
||
| 700 | 1 |
_aHo, W. S. Winston, _d1943- _eeditor. _935945 |
|
| 700 | 1 |
_aSirkar, Kamalesh K., _d1942- _eeditor. _935946 |
|
| 942 |
_2ddc _k660.2842 MEM |
||
| 999 |
_c18243 _d18215 |
||